Boston College Trivia - Statistics

General Stats
  • This quiz has been taken 36 times
  • The average score is 9 of 17
Answer Stats
Hint Answer % Correct
What is the mascot of Boston College? Eagle
97%
What is the name of the BC football stadium? Alumni Stadium
81%
During the tenure of Matt Ryan, BC peaked at this AP rank: 2
75%
How many libraries does Boston College have? 8
75%
These are the most desired senior housing units: Mods
72%
What legendary BC quarterback won the Heisman in 1984? Doug Flutie
69%
What is Lyons Dining Hall more commonly known as? The Rat
66%
Which sophomore dorm is infamous for parties? Walsh Hall
63%
Every year this dance competition happens in Conte Forum: Showdown
59%
What is the most popular major at BC? Economics
53%
Located in Cleveland Circle, this restaurant is known for its eating challenges: Eagle's Deli
50%
Every year this suggestive tradition takes places at Mod 27A/B: Strip Mod
50%
This legendary hockey coach retired in 2022 after leading BC to 4 national championships: Jerry York
34%
Name the dining hall worker known for her phrase, "Have a beautiful day!" Gloria
31%
Which BC sports team has won the most national championships? (Hint: it's not hockey) Sailing
28%
Who is the owner of Crazy Dough's Pizza? Ernie
16%
Recently endowed, the finance department is named after whom? Marc Seidner
13%
No matching quizzes found
Score Distribution
Percent of People with Each Score
Percentile by Number Answered
Your Score History
You have not taken this quiz